Unitized Experiments In Organic Chemistry (Record no. 37501)

MARC details
000 -LEADER
fixed length control field 00406nam a2200133Ia 4500
008 - FIXED-LENGTH DATA ELEMENTS--GENERAL INFORMATION
fixed length control field 211109s9999||||xx |||||||||||||| ||und||
082 ## - DEWEY DECIMAL CLASSIFICATION NUMBER
Classification number 547
Item number BRE-U
100 ## - MAIN ENTRY--PERSONAL NAME
Personal name Brewster R Q Etc,
245 #0 - TITLE STATEMENT
Title Unitized Experiments In Organic Chemistry
260 ## - PUBLICATION, DISTRIBUTION, ETC.
Name of publisher, distributor, etc. Jayabharatham
Place of publication, distribution, etc. Madras
Date of publication, distribution, etc. 1972
630 ## - SUBJECT ADDED ENTRY--UNIFORM TITLE
General subdivision General Stack
650 ## - SUBJECT ADDED ENTRY--TOPICAL TERM
Topical term or geographic name entry element NATURAL SCIENCES
942 ## - ADDED ENTRY ELEMENTS (KOHA)
Koha item type BOOK
650 ## - SUBJECT ADDED ENTRY--TOPICAL TERM
Form subdivision CHEMISTRYORGANIC CHEMISTRYEXPERIMENTS
General subdivision Generalia
Holdings
Withdrawn status Lost status Damaged status Not for loan Home library Current library Date acquired Total Checkouts Full call number Barcode Shelving location Date last seen Price effective from Koha item type
        SB LIBRARY SB LIBRARY 09/11/2021   547 BRE-U 00038926 GENERAL STACK 09/11/2021 09/11/2021 BOOK

Powered by Koha